000 00862nam a2200253 i 4500
001 bg
100 1 _aSADOWSKI, Tomasz
245 1 0 _aAnaliza zagadnień pękania polikrystalicznych materiałów ceramicznych /
_cTomasz Sadowski ; Politechnika Lubelska.
260 _aLublin :
_bWydawnictwa Uczelniane PL,
_c1997.
300 _a131 s. :
_brys., wykr., err. ;
_c24 cm.
500 _aU góry okł. nazwa przedmiotu : Mechanika. - Praca habilitacyjna.
504 _aBibliogr. s. 119-131.
650 9 _aCeramika
_xmechanika
650 9 _aKrystalografia
_xzagadnienia
650 9 _aWytrzymałość materiałów
711 2 _aPolitechnika Lubelska (Lublin)
_eInst. sprawcza
020 _a8387270555
040 _cBPK
041 0 _apl
080 _a666.3:548:539.3/.4
920 _a83-87270-55-5
942 _cKS
008 s pl f |000 0 pol
999 _c32653
_d32653
856 _uhttp://koha.tu.koszalin.pl/cgi-bin/koha/opac-detail.pl?biblionumber=32653
_yKatalog online BPK